00702nam a2200229 a 4500001001300000003000900013005001700022008004100039020002300080082001300103100001900116245004900135260004400184300000900228500003500237650002300272700001900295902000800314942000700322952012600329999001700455nice12345678IN_TiNIC20260116014524.0100315s2008 usaa grp 000 0 eng  a9788230004715c30000a190bGAL aGaltung, Johan a50 Years 25 Intellectual Landscapes Explored aUSA bTranscend University Press c2008 a250p aincludes index and biblioraphy aPhilosophy-Western1 aGaltung, Johan bSRS cBK 001040708StackRoom-aHMIbHMId2010-04-13g300.00l1o190 GALp023217r2016-08-30s2016-08-22v300.00w2010-03-15yBK c15768d15768